MARC

LEADER 00000nam0a2200000 4500
001 334361
005 20231102004640.0
035 |a (RuTPU)RU\TPU\book\360464 
035 |a RU\TPU\book\139822 
090 |a 334361 
100 |a 20170727d1964 km y0rusy50 ca 
101 0 |a rus 
102 |a RU 
105 |a a z 001zy 
200 1 |a Прокаливаемость стали  |f Н. Н. Качанов 
210 |a Москва  |c Металлургия  |d 1964 
215 |a 252 с.  |c ил. 
320 |a Библиогр.: с. 245-251. 
606 1 |a Сталь  |x Прокаливаемость  |2 stltpush  |3 (RuTPU)RU\TPU\subj\56309  |9 74222 
610 1 |a классификация 
610 1 |a факторы 
610 1 |a построение 
610 1 |a химический состав 
610 1 |a аустенитная сталь 
610 1 |a структура 
610 1 |a закалка 
610 1 |a образцы 
610 1 |a расчетные методы 
610 1 |a электромагнитные методы 
675 |a 621.785.6  |v 3 
700 1 |a Качанов  |b Н. Н.  |g Николай Николаевич 
801 1 |a RU  |b 63413507  |c 20080121  |g PSBO 
801 2 |a RU  |b 63413507  |c 20201118  |g PSBO 
942 |c BK